| 000 | 00573nam a2200181 i 4500 | ||
|---|---|---|---|
| 001 | 170445 | ||
| 003 | ES-MaACL | ||
| 005 | 20230906214358.0 | ||
| 008 | 090305s1963 fr |||| | fre d | ||
| 080 | _a821.133.1-31"19" | ||
| 100 | 1 |
_aPrasteau, Jean. _9139595 |
|
| 245 | 1 | 0 |
_aC'était la Dame aux Camélias / _cJean Prasteau. |
| 260 |
_aParis : _bPerrin, _c1963. |
||
| 300 |
_a313 p., [16] p. de lám. ; _c22 cm. |
||
| 504 | _aBibliografía. | ||
| 600 | 1 | 4 |
_aDuplessis, Marie. _9139598 |
| 852 | 4 |
_aES-MaACL _jE-12476 _9R.140087 _z. - Biblioteca Jacinto Martínez Lacalle |
|
| 999 |
_c170445 _d170445 |
||